Top 10 des lieux les plus touristiques des Etats-Unis - Statistiques

Statistiques générales
  • Ce quiz a été pris 65 fois
  • Le résultat moyen est 2 sur 10
Statistiques - réponses
Hint Réponse % Correct
41,9 Millions visiteurs (New York City) Central Park
54%
41,9 Millions visiteurs (New York City) Times Square
49%
17,1 Millions visiteurs (Orlando) Disney World
36%
16,1 Millions visiteurs (Californie) Disneyland
24%
15 Millions visiteurs (San Francisco) Golden Gate Bridge
19%
29,5 Millions visiteurs (Las Vegas) The Strip
8%
13 Millions visiteurs (San Francisco) Golden Gate Park
2%
15 Millions visiteurs (Boston) Faneuil Hall Marketplace
0%
21,6 Millions visiteurs (New York City) Grand Central Terminal
0%
36,5 Millions visiteurs (Washington D.C) Union Station
0%
Aucun quiz correspondant
Distribution des résultats
% des personnes avec chaque résultat
Percentile par nombre de réponses
Votre historique - résultats
Vous n’avez pas pris ce quiz